التعارض والترجيح عند الأصوليين واثرهما في الفقة الاسلامي

Bibliographic Details
Main Author: حفناوي, محمد ابراهيم محمد (Author)
Format: Book
Language:Arabic
Published: Mansurah, al-Qahirah : Dar al-Wafa , 2006
Edition:الطبعة 4
Subjects:

MARC

LEADER 00000cam a2200000 7i4500
001 0000062425
005 20090617093000.0
008 090524s2006 ua ara
020 |a 977142002400 
050 0 0 |a KBP440.32.H43   |b A37 2007 
090 0 0 |a KBP440.32.H43   |b A37 2007 
100 1 |a حفناوي, محمد ابراهيم محمد ,   |e author 
241 1 0 |a Ta`arud wa-al-tarjih `inda al-usuliyin wa-atharuhuma fi al-fiqh al-Islami 
245 1 2 |a التعارض والترجيح عند الأصوليين واثرهما في الفقة الاسلامي   |c محمد الحفناوي 
250 |a الطبعة 4 
260 |a Mansurah, al-Qahirah :   |b Dar al-Wafa ,   |c 2006 
300 |a 342 p. ;   |c 25 cm. 
504 |a Includes bibliographical references (p. 329-340) and index 
650 0 |a Islamic law   |x Interpretation and construction 
999 |a 1000123655   |b Book   |c OPEN SHELF (30 DAYS)   |e Gong Badak Campus